Born Sinner Tracklist (J. Cole) - Statistics

General Stats
  • This quiz has been taken 36 times
  • The average score is 14 of 19
Answer Stats
Hint Answer % Correct
14 (ft James Fauntleroy) Born Sinner
97%
3 (ft Miguel) Power Trip
93%
7 (ft Cults, Amber Coffman) She Knows
93%
12 (ft TLC) Crooked Smile
90%
9 (ft Kendrick Lamar) Forbidden Fruit
90%
16 (ft 50 Cent, Bas) New York Times
86%
19 (ft Jhene Aiko) Sparks Will Fly
83%
6 Runaway
76%
1 Villuminati
76%
2 Land Of The Snakes
69%
8 Rich N*ggaz
66%
10 Chaining Day
62%
15 Miss America
62%
5 Trouble
62%
17 Is She Gon Pop
59%
13 Let Nas Down
59%
4 Mo Money - Interlude
59%
11 Ain't That Some Shit - Interlude
52%
18 N*ggaz Know
52%
No matching quizzes found
Score Distribution
Percent of People with Each Score
Percentile by Number Answered
Your Score History
You have not taken this quiz